00501 2200193 4500001002100000005001500021008004100036020002200077035001900099041000700118082000800125090001400133100002100147700001700168245004400185260002700229300002900256650002200285INLIS00000000000213020241224112459241224||||||||| | ||| |||| || |  a978-979-002-162-5 0010-1224002130 aid0 a610 a610 MUH s0 aFauziah Muslihan0 aSapta Hening00aSayuran dan Bumbu Dapur Berkhasiat Obat adepokbPenebar Swadaya a52 hlm. : ilus, ; 20 cm. 0aIlmu Keterampilan